Power quality : VAR compensation in power systems (Record no. 183542)

MARC details
000 -LEADER
fixed length control field 00444nam a2200157Ia 4500
005 - DATE AND TIME OF LATEST TRANSACTION
control field 20250502102028.0
008 - FIXED-LENGTH DATA ELEMENTS--GENERAL INFORMATION
fixed length control field 231217s9999 xx 000 0 und d
020 ## - INTERNATIONAL STANDARD BOOK NUMBER
International Standard Book Number 9781420064803
082 ## - DEWEY DECIMAL CLASSIFICATION NUMBER
Classification number 621.319 VED;1 R
100 ## - MAIN ENTRY--PERSONAL NAME
Personal name Vedam Sastry, R. Sarma, Mulukutla S.
245 #0 - TITLE STATEMENT
Title Power quality : VAR compensation in power systems
260 ## - PUBLICATION, DISTRIBUTION, ETC. (IMPRINT)
Date of publication, distribution, etc. 2009
Name of publisher, distributor, etc. CRC Press
Place of publication, distribution, etc. New York
300 ## - PHYSICAL DESCRIPTION
Extent 283
650 ## - SUBJECT ADDED ENTRY--TOPICAL TERM
Topical term or geographic name as entry element quality,VAR,compensation
942 ## - ADDED ENTRY ELEMENTS (KOHA)
Koha item type Books
Holdings
Date last seen Total Checkouts Full call number Accession number Old discount Uniform Resource Identifier Cost, replacement price Price effective from Category Lost status Damaged status Department Withdrawn status bill no. bill date Permanent Location Current Location Shelving location Entry date Vendor Cost, normal purchase price Grants Currency symbol Conversion rate Discount Discount type
26/01/2024   621.319 VED;1 R 54897 20 digital/contents/54897.pdf 6549.84 26/01/2024 Books     Central Library   0910/0394 26/01/2013 Central Library Central Library Central Library 22/07/2009 Surya Infotainment Products Pvt. Ltd. 99.00 EE POUND 82.7 19.8 Rupees

© For any Suggestions or Query, please contact the library staff @ librarian@pes.edu or Phone: +9180 2672 1983/ 2108.